• 首页
  • 本馆介绍
  • 公告通知
  • 最新文献
  • 馆藏检索
  • 电子资源
  • 读者导购
  • 参考咨询
  • 我的图书馆
  • 登录
  • 详细信息显示
  • 放入我的书架
  • 预约/预借图书
  • 作者相关作品
  • 分类相关作品
  • 丛书相关作品
  • 出版社相关作品

书目信息

  • 表格格式
  • 工作单格式
  • 卡片格式
题名:
铁路机车车辆机械制图习题集
    
 
作者: ;大连铁道学院制图教研组 编
分册:  
出版信息: 北京   人民铁道出版社  1978
页数: 104页
开本: 38cm
丛书名:
单 册:
中图分类: U2:TB23
科图分类:
主题词: 铁路运输
电子资源:
ISBN:
000 00706nam0 2200217 45
001 0178005216
005 20060227163857.40
010    @dCNY1.35
091    @a15043.5096
100    @a19950727d1978 em y0chiy0121 ea
101 0  @achi
102    @aCN@b110000
105    @ay q 000yy
200 10 @a铁路机车车辆机械制图习题集@Atie lu ji che che liang ji xie zhi tu xi tiji@f大连铁道学院制图教研组编@Fda lian tie dao xue yuan zhi tu jiao yan zu bian
210    @a北京@c人民铁道出版社@d1978
215    @a104页@d38cm
606 0  @a铁路运输
690    @aU2:TB23@v3
711 02 @a大连铁道学院制图教研组@Ada lian tie dao xue yuan zhi tu jiao yan zu@4编
801  0 @aCN@bTSSF@c20060227
905    @a10447@dU2:TB23@e1
    
    铁路机车车辆机械制图习题集/大连铁道学院制图教研组编.-北京:人民铁道出版社,1978
    104页;38cm
    
    
    ISBN :CNY1.35
    
●
相关链接 在E读中查询图书 在五车中查询图书 在当当中查询图书 在豆瓣中查询图书


正题名:铁路机车车辆机械制图习题集     索取号:U2:TB23/1         预约/预借

序号 登录号 条形码 馆藏地/架位号 状态 备注
1 0002611   202198852   密集书库/ [索取号:U2:TB23/1] 在馆    
2 0002612   202198898   密集书库/ [索取号:U2:TB23/1] 在馆    
3 0002613   202198932   密集书库/ [索取号:U2:TB23/1] 在馆    
4 0002615   202198736   密集书库/ [索取号:U2:TB23/1] 在馆    
5 0002619   202198772   密集书库/ [索取号:U2:TB23/1] 在馆    
6 0002620   202198978   密集书库/ [索取号:U2:TB23/1] 在馆    
唐山师范学院图书馆 欢迎您!
大连网信软件有限公司© 版权所有